|
|
|
|
| LEADER |
00000nam0a2200000 4500 |
| 001 |
197789 |
| 005 |
20231031183612.0 |
| 035 |
|
|
|a (RuTPU)RU\TPU\book\215754
|
| 090 |
|
|
|a 197789
|
| 100 |
|
|
|a 20110617d1930 m y0rusy50 ca
|
| 101 |
0 |
|
|a rus
|
| 102 |
|
|
|a UA
|
| 105 |
|
|
|a a z 000zy
|
| 200 |
1 |
|
|a Применение подземных ленточных конвейеров на каменноугольных рудниках Германии
|f Н. С. Поляков
|g Союзуголь
|
| 210 |
|
|
|a Донецк
|c Изд-во Союзуголь
|d 1930
|
| 215 |
|
|
|a 108 с.
|c ил.
|
| 610 |
1 |
|
|a горная промышленность
|
| 610 |
1 |
|
|a механизация
|
| 610 |
1 |
|
|a конвейеры
|
| 610 |
1 |
|
|a ленточные конвейеры
|
| 610 |
1 |
|
|a подземные конвейеры
|
| 610 |
1 |
|
|a применение
|
| 610 |
1 |
|
|a ленты
|
| 610 |
1 |
|
|a приводы
|
| 610 |
1 |
|
|a размеры
|
| 610 |
1 |
|
|a конструкции
|
| 610 |
1 |
|
|a недостатки
|
| 675 |
|
|
|a 621.86
|v 3
|
| 700 |
|
1 |
|a Поляков
|b Н. С.
|
| 712 |
0 |
2 |
|a Всесоюзное объединение каменоугольной промышленности (Союзуголь)
|2 stltpush
|3 (RuTPU)RU\TPU\col\17461
|
| 801 |
|
1 |
|a RU
|b 63413507
|c 20110617
|
| 801 |
|
2 |
|a RU
|b 63413507
|c 20111107
|g RCR
|
| 942 |
|
|
|c BK
|